| 000 | 00999nac a22002531u 4500 | ||
|---|---|---|---|
| 010 | _a 99089450 | ||
| 020 | _a0471998869 (alk. paper) | ||
| 082 | 0 | 0 |
_a005.2762 _bBAR |
| 090 |
_c5525 _d5525 |
||
| 100 | _aBarron, D. W. | ||
| 245 | 1 | 4 |
_aThe world of scripting languages / _cDavid W. Barron. |
| 260 |
_aChichester ; _aNew York : _bWiley,c2000. _cc2000. |
||
| 300 |
_axii, 492 p. : _bill. ; _c24 cm. |
||
| 440 | 0 | _aWorldwide series in computer science | |
| 500 | _aDistributer : Al-Ahram. | ||
| 504 | _aIncludes bibliographical references (p. [475]-483) and index. | ||
| 511 | _aCatalogued By : Mahitab. | ||
| 650 | 0 | _aScripting languages (Computer science) | |
| 650 | 0 | _aCGI (Computer network protocol) | |
| 650 | 0 | _aWorld Wide Web. | |
| 856 | 4 | 2 |
_3Publisher description _uhttp://www.loc.gov/catdir/description/wiley034/99089450.html |
| 856 | 4 | 2 |
_3Table of Contents _uhttp://www.loc.gov/catdir/toc/onix06/99089450.html |
| 942 |
_cBB _k005.2762BAR |
||
| 999 |
_c5525 _d5525 |
||